Statystyki dla Państwa, które mają tylko 4 litery w nazwie

Kliknij tutaj aby rozwiązać quiz!

Ogólne statystyki

  • Ten quiz został rozwiązany 582 razy
  • Średni wynik to 6 z 10

Statystyki odpowiedzi

HintOdpowiedź% Poprawnych
4Cypr
74%
4Irak
71%
4Iran
71%
4Oman
71%
4Peru
71%
4Mali
62%
4Kuba
61%
4Laos
56%
4Czad
55%
4Togo
54%

Rozkład punktacji

Percentyl według liczby udzielonych odpowiedzi

Procent ludzi z każdym wynikiem

Twoja historia wyników

Nie rozwiązałeś tego quizu